000 00727cam a2200217 a 4500
001 14368300
005 20250602133542.0
008 060508s2002 cm b 000 0 eng
020 _a2723501620 (Clé)
020 _a187034541X (Regnum)
041 1 _aeng
_hfre
050 0 0 _aBR1360
_b.O36313 2002
082 0 4 _a276
_221
100 1 _aOduyoye, Mercy Amba.
245 1 0 _aBeads and strands :
_breflections of an African woman on Christianity in Africa /
_cMercy Amba Oduyoye.
260 _aYaoundé, Cameroun :
_bEditions Clé ;
_aAkropong-Akuapem, Ghana :
_bRegnum Africa,
_c2002.
300 _ax, 114 p. ;
_c23 cm.
440 0 _aTheological reflections from the south
650 0 _aChristianity
_zAfrica.
942 _2lcc
_cBK
_n0
999 _c6142
_d6142